[Event "Brno Open 2021 - A IM Round Robin"]
[Site "Bobycentrum hotel, Brno"]
[Date "2021.11.21"]
[Round "1"]
[Board "2"]
[White "NOVOSADOVA, Kristyna"]
[Black "BUBALOVIC, Davorin"]
[Result "1-0"]
[WhiteElo "2150"]
[BlackElo "2230"]
[PlyCount "81"]
[EventDate "2021.11.21"]
[EventRounds "9"]
[EventCountry "CZE"]

1. e4 c5 2. Nf3 e6 3. d4 cxd4 4. Nxd4 a6 5. Nc3 Qc7 6. Qf3 Nc6 7. Be3 Nf6 8.
O-O-O b5 9. e5 b4 10. exf6 bxc3 11. Nxc6 Qxc6 12. Qxc6 cxb2+ 13. Kb1 dxc6 14.
Bd4 Rg8 15. Bd3 gxf6 16. Bxh7 Rg4 17. h3 Rxd4 18. Rxd4 f5 19. g4 c5 20. Rdd1
Bb7 21. Rhe1 fxg4 22. hxg4 Bg7 23. Be4 Bxe4 24. Rxe4 Ke7 25. Rc4 Bd4 26. f3 Rh8
27. c3 Be3 28. Kxb2 Rh3 29. Rd3 Rxf3 30. Kb3 f5 31. gxf5 exf5 32. Rxc5 Bxc5 33.
Rxf3 Ke6 34. Kc4 Bb6 35. Rh3 Bd8 36. Re3+ Kf6 37. Re8 Be7 38. Ra8 f4 39. Rxa6+
Kf5 40. Kd3 Kg4 41. Ke4  1-0

[Event "Brno Open 2021 - A IM Round Robin"]
[Site "Bobycentrum hotel, Brno"]
[Date "2021.11.21"]
[Round "1"]
[Board "3"]
[White "SABUK, Piotr"]
[Black "KUSA, Jakub"]
[Result "1-0"]
[WhiteElo "2398"]
[BlackElo "2326"]
[PlyCount "85"]
[EventDate "2021.11.21"]
[EventRounds "9"]
[EventCountry "CZE"]

1. d4 d5 2. c4 e6 3. Nf3 Nf6 4. g3 dxc4 5. Bg2 a6 6. O-O Nc6 7. Nbd2 b5 8. Ne5
Nxe5 9. Bxa8 Qxd4 10. Bg2 Bd6 11. Ne4 Qxd1 12. Rxd1 Nxe4 13. Bxe4 Ke7 14. Be3
Bd7 15. Rac1 Bc6 16. Bxc6 Nxc6 17. b3 Nb4 18. Rd2 cxb3 19. axb3 Rd8 20. Bd4 f6
21. Bc3 Nd5 22. Ba5 Ba3 23. Ra1 b4 24. e4 Nb6 25. Rad1 Rxd2 26. Rxd2 e5 27. Kf1
Ke6 28. Bxb6 cxb6 29. Ke2 f5 30. exf5+ Kxf5 31. Rd6 Bb2 32. Rxb6 a5 33. f3 h5
34. Ra6 g5 35. Rh6 e4 36. Ra6 exf3+ 37. Kxf3 g4+ 38. Ke3 Bc1+ 39. Kd3 h4 40.
Rxa5+ Kg6 41. gxh4 Bf4 42. Rb5 Bxh2 43. Rg5+  1-0

[Event "Brno Open 2021 - A IM Round Robin"]
[Site "Bobycentrum hotel, Brno"]
[Date "2021.11.21"]
[Round "1"]
[Board "4"]
[White "BARTOS, Jan"]
[Black "FINEK, Vaclav"]
[Result "0-1"]
[WhiteElo "2156"]
[BlackElo "2413"]
[PlyCount "78"]
[EventDate "2021.11.21"]
[EventRounds "9"]
[EventCountry "CZE"]

1. d4 Nf6 2. c4 g6 3. Nf3 Bg7 4. g3 O-O 5. Bg2 c6 6. O-O d5 7. cxd5 cxd5 8. Nc3
Ne4 9. Nxe4 dxe4 10. Ne5 Qd5 11. f3 Bxe5 12. dxe5 Qc5+ 13. Kh1 Nc6 14. f4 Bf5
15. e3 Rfd8 16. Qe2 h5 17. h3 Nb4 18. a3 Nc2 19. Ra2 Rac8 20. b4 Qc3 21. Rf2
Nxb4 22. Bd2 Nxa2 23. Bxc3 Nxc3 24. Qc2 Nd1 25. Qe2 Nxf2+ 26. Qxf2 Rc1+ 27. Kh2
Rcd1 28. Qb2 R8d2 29. Qxb7 Rc1 30. g4 Rcc2 31. gxf5 Rxg2+ 32. Kh1 Rh2+ 33. Kg1
Rhd2 34. Qb8+ Kh7 35. fxg6+ fxg6 36. Qb1 Rg2+ 37. Kh1 Rh2+ 38. Kg1 Rcg2+ 39.
Kf1 Rh1+  0-1

[Event "Brno Open 2021 - A IM Round Robin"]
[Site "Bobycentrum hotel, Brno"]
[Date "2021.11.21"]
[Round "1"]
[Board "5"]
[White "OCHEDZAN, Tymon"]
[Black "DEL REY, Diego"]
[Result "1/2-1/2"]
[WhiteElo "2349"]
[BlackElo "2360"]
[PlyCount "85"]
[EventDate "2021.11.21"]
[EventRounds "9"]
[EventCountry "CZE"]

1. e4 e5 2. Nf3 Nf6 3. Nxe5 d6 4. Nf3 Nxe4 5. Nc3 Nxc3 6. dxc3 Be7 7. Bf4 Nc6
8. Bd3 Be6 9. Qe2 Qd7 10. O-O-O h6 11. Rhe1 O-O-O 12. Bb5 Bf6 13. Be5 Bg5+ 14.
Nxg5 hxg5 15. h3 Rde8 16. Bxg7 Rhg8 17. Bf6 Bxh3 18. Qf1 Rxe1 19. Rxe1 Be6 20.
Qd3 Kb8 21. f3 g4 22. f4 a6 23. Ba4 b5 24. Bb3 Bxb3 25. cxb3 Re8 26. Rxe8+ Qxe8
27. Bh4 Qe6 28. Kd1 f5 29. Bf2 d5 30. g3 Kc8 31. a4 Qe4 32. Kd2 Na5 33. Qxe4
dxe4 34. axb5 axb5 35. Kc2 Kd7 36. Bc5 Ke6 37. b4 Nb7 38. Bd4 Kd5 39. b3 Nd8
40. Kd2 Ne6 41. Be3 Ng7 42. Ke2 Nh5 43. Kf2  1/2-1/2

[Event "Brno Open 2021 - A IM Round Robin"]
[Site "Bobycentrum hotel, Brno"]
[Date "2021.11.22"]
[Round "2"]
[Board "1"]
[White "FIEDOREK, Michal"]
[Black "DEL REY, Diego"]
[Result "1-0"]
[WhiteElo "2336"]
[BlackElo "2360"]
[PlyCount "63"]
[EventDate "2021.11.21"]
[EventRounds "9"]
[EventCountry "CZE"]

1. e4 d6 2. d4 Nf6 3. Nc3 e5 4. Nf3 Nbd7 5. Bc4 Be7 6. a4 O-O 7. O-O a5 8. Re1
Nb6 9. Bb3 Nfd7 10. Be3 exd4 11. Nxd4 Nc5 12. Qf3 Nxb3 13. cxb3 Nd7 14. Rad1
Ne5 15. Qe2 c6 16. h3 f5 17. exf5 Bxf5 18. Bf4 Qb8 19. Bxe5 dxe5 20. Qxe5 Bd6
21. Qe2 Bd7 22. Nf3 Bf5 23. Nh4 Kh8 24. Nxf5 Rxf5 25. Qd3 Bh2+ 26. Kh1 Rf8 27.
g3 Rxf2 28. Ne4 Rxb2 29. Ng5 Qg8 30. Qf5 Rf8 31. Nf7+ Rxf7 32. Qxf7  1-0

[Event "Brno Open 2021 - A IM Round Robin"]
[Site "Bobycentrum hotel, Brno"]
[Date "2021.11.22"]
[Round "2"]
[Board "2"]
[White "FINEK, Vaclav"]
[Black "OCHEDZAN, Tymon"]
[Result "1-0"]
[WhiteElo "2413"]
[BlackElo "2349"]
[PlyCount "73"]
[EventDate "2021.11.21"]
[EventRounds "9"]
[EventCountry "CZE"]

1. d4 Nf6 2. c4 g6 3. Nf3 Bg7 4. g3 O-O 5. Bg2 d6 6. O-O Nc6 7. Nc3 Rb8 8. Bf4
h6 9. Qc1 Kh7 10. Rd1 a6 11. b3 Bd7 12. d5 Na5 13. Qc2 b5 14. cxb5 axb5 15. b4
Nc4 16. Nd4 Nxd5 17. Bxd5 e5 18. Ndxb5 c6 19. Bxc4 cxb5 20. Be3 bxc4 21. Rxd6
Bf5 22. Qd2 Qc8 23. b5 Qb7 24. Qd5 Qxd5 25. Rxd5 Be6 26. Rd2 Rfc8 27. a4 Bf8
28. Rb2 Bg7 29. Rd1 Rd8 30. Rxd8 Rxd8 31. Rd2 Ra8 32. b6 Bf8 33. b7 Rb8 34. Rb2
Bh3 35. Rb1 Bf5 36. Ba7 Bxb1 37. Bxb8  1-0

[Event "Brno Open 2021 - A IM Round Robin"]
[Site "Bobycentrum hotel, Brno"]
[Date "2021.11.22"]
[Round "2"]
[Board "3"]
[White "KUSA, Jakub"]
[Black "BARTOS, Jan"]
[Result "1-0"]
[WhiteElo "2326"]
[BlackElo "2156"]
[PlyCount "65"]
[EventDate "2021.11.21"]
[EventRounds "9"]
[EventCountry "CZE"]

1. d4 d5 2. Nf3 Nf6 3. c4 dxc4 4. e3 e6 5. Bxc4 a6 6. a4 c5 7. O-O Nc6 8. dxc5
Qxd1 9. Rxd1 Bxc5 10. Nbd2 b6 11. b3 Bb7 12. Bb2 Ke7 13. Rac1 Rhd8 14. Be2 Nb4
15. Bd4 Bxd4 16. Nxd4 Rac8 17. Nc4 Nd7 18. Bf3 Bxf3 19. gxf3 Rc5 20. f4 Rdc8
21. Ra1 Nd5 22. Nf3 b5 23. axb5 axb5 24. Nce5 Nxe5 25. fxe5 Nc3 26. Ra7+ R8c7
27. Rda1 f6 28. R1a6 fxe5 29. Rxc7+ Rxc7 30. Nxe5 Ne4 31. Nc6+ Kd7 32. Nd4 Nd6
33. Rxd6+  1-0

[Event "Brno Open 2021 - A IM Round Robin"]
[Site "Bobycentrum hotel, Brno"]
[Date "2021.11.22"]
[Round "2"]
[Board "4"]
[White "BUBALOVIC, Davorin"]
[Black "SABUK, Piotr"]
[Result "1/2-1/2"]
[WhiteElo "2230"]
[BlackElo "2398"]
[PlyCount "59"]
[EventDate "2021.11.21"]
[EventRounds "9"]
[EventCountry "CZE"]

1. e4 e5 2. Nf3 Nc6 3. Bc4 Nf6 4. d3 h6 5. O-O d6 6. c3 g6 7. a4 Bg7 8. Re1 O-O
9. Nbd2 a6 10. Ba2 Re8 11. Nf1 d5 12. exd5 Nxd5 13. Ng3 Be6 14. Bd2 Nb6 15.
Bxe6 Rxe6 16. a5 Nd7 17. d4 Re8 18. d5 Ne7 19. c4 Nc8 20. Qc2 Nd6 21. Bb4 f5
22. c5 Nf7 23. c6 bxc6 24. dxc6 Nf6 25. Rad1 Qb8 26. Bc3 Qb5 27. Nh4 Nh8 28.
Nf3 Nf7 29. Nh4 Nh8 30. Nf3  1/2-1/2

[Event "Brno Open 2021 - A IM Round Robin"]
[Site "Bobycentrum hotel, Brno"]
[Date "2021.11.22"]
[Round "2"]
[Board "5"]
[White "PISK, Petr"]
[Black "NOVOSADOVA, Kristyna"]
[Result "1/2-1/2"]
[WhiteElo "2325"]
[BlackElo "2150"]
[PlyCount "54"]
[EventDate "2021.11.21"]
[EventRounds "9"]
[EventCountry "CZE"]

1. d4 Nf6 2. Nf3 g6 3. Bg5 Ne4 4. Bf4 Bg7 5. Nbd2 d5 6. e3 c5 7. c3 Nxd2 8.
Qxd2 c4 9. h4 h6 10. Ne5 Nd7 11. Be2 Nf6 12. h5 g5 13. Bh2 Bf5 14. g4 Bh7 15.
f3 Nd7 16. O-O Nxe5 17. Bxe5 f6 18. Bg3 O-O 19. e4 e6 20. Rae1 f5 21. exf5 exf5
22. Bd1 fxg4 23. fxg4 Qd7 24. Rxf8+ Rxf8 25. Rf1 Rxf1+ 26. Kxf1 Be4 27. Qf2 Qf7
 1/2-1/2

[Event "Brno Open 2021 - A IM Round Robin"]
[Site "Bobycentrum hotel, Brno"]
[Date "2021.11.23"]
[Round "3"]
[Board "1"]
[White "NOVOSADOVA, Kristyna"]
[Black "FIEDOREK, Michal"]
[Result "1-0"]
[WhiteElo "2150"]
[BlackElo "2336"]
[PlyCount "75"]
[EventDate "2021.11.21"]
[EventRounds "9"]
[EventCountry "CZE"]

1. e4 c5 2. Nf3 Nc6 3. Nc3 d6 4. Bb5 Bd7 5. a4 g6 6. d3 Bg7 7. Bd2 Nf6 8. Qc1
O-O 9. Bxc6 Bxc6 10. Bh6 Qd7 11. h3 b6 12. O-O a6 13. Bxg7 Kxg7 14. Nh4 b5 15.
axb5 axb5 16. Rxa8 Rxa8 17. f4 Qc7 18. Ne2 b4 19. f5 c4 20. fxg6 hxg6 21. Qg5
Bd7 22. d4 Ra5 23. d5 Qd8 24. Ng3 Kh7 25. Rf4 Qb6+ 26. Kh2 Ra1 27. Nf3 Kg7 28.
Rxf6 exf6 29. Nh5+ Kf8 30. Nxf6 Bb5 31. e5 dxe5 32. Qxe5 Rd1 33. Ne4 Kg8 34. d6
Qa6 35. Nfg5 Qa1 36. Nf6+ Kf8 37. Qe7+ Kg7 38. Ne6+  1-0

[Event "Brno Open 2021 - A IM Round Robin"]
[Site "Bobycentrum hotel, Brno"]
[Date "2021.11.23"]
[Round "3"]
[Board "2"]
[White "SABUK, Piotr"]
[Black "PISK, Petr"]
[Result "1/2-1/2"]
[WhiteElo "2398"]
[BlackElo "2325"]
[PlyCount "125"]
[EventDate "2021.11.21"]
[EventRounds "9"]
[EventCountry "CZE"]

1. d4 d5 2. c4 e6 3. Nf3 c5 4. e3 Nf6 5. Nc3 Nc6 6. cxd5 exd5 7. Bb5 Bd6 8.
dxc5 Bxc5 9. O-O O-O 10. b3 Bd6 11. Bb2 Bc7 12. Ne2 Bg4 13. Nf4 Be5 14. Bxe5
Nxe5 15. Be2 Ng6 16. Nd4 Bxe2 17. Ndxe2 Qa5 18. Qe1 Qxe1 19. Rfxe1 Nxf4 20.
Nxf4 Rfc8 21. Rac1 Kf8 22. f3 Ke7 23. Kf2 Kd6 24. g4 h6 25. h4 g5 26. Ne2 gxh4
27. Nd4 h5 28. g5 Nh7 29. f4 Nf8 30. Nf5+ Ke6 31. Nxh4 Nd7 32. Nf3 Nc5 33. Nd4+
Ke7 34. Rcd1 Ne4+ 35. Kf3 Nc3 36. Rd2 a5 37. Rc1 Ne4 38. Rdc2 Rxc2 39. Rxc2 Kd7
40. Rh2 Rh8 41. Ke2 a4 42. Kf3 axb3 43. axb3 Kd6 44. Rc2 h4 45. Nf5+ Ke6 46.
Nd4+ Kd6 47. Kg4 h3 48. Nf5+ Ke6 49. Nh6 f6 50. Rh2 fxg5 51. fxg5 Rf8 52. Kh4
Rf3 53. g6 Kf6 54. Ng4+ Kg7 55. Rc2 Rf5 56. Kxh3 Kxg6 57. Rc7 b5 58. Kg2 Rg5
59. Kf3 Nd2+ 60. Kf4 Rf5+ 61. Kg3 Ne4+ 62. Kg2 Rg5 63. Kf3  1/2-1/2

[Event "Brno Open 2021 - A IM Round Robin"]
[Site "Bobycentrum hotel, Brno"]
[Date "2021.11.23"]
[Round "3"]
[Board "3"]
[White "BARTOS, Jan"]
[Black "BUBALOVIC, Davorin"]
[Result "1/2-1/2"]
[WhiteElo "2156"]
[BlackElo "2230"]
[PlyCount "110"]
[EventDate "2021.11.21"]
[EventRounds "9"]
[EventCountry "CZE"]

1. d4 d5 2. Nf3 Nf6 3. c4 e6 4. Nc3 Bb4 5. e3 dxc4 6. Bxc4 O-O 7. O-O Nc6 8.
Qe2 a6 9. Rd1 Nd5 10. Bd2 Nb6 11. Bd3 Bd6 12. Ne4 Qe7 13. Nxd6 cxd6 14. e4 e5
15. d5 Na7 16. Bb4 Bg4 17. Qe3 Na4 18. Rd2 Bxf3 19. Qxf3 Rfc8 20. Qe3 Nb5 21.
Bxb5 axb5 22. b3 Nc5 23. f3 h6 24. Rc1 Na6 25. Rxc8+ Rxc8 26. Ba3 b4 27. Bb2
Qc7 28. Rd1 Qa5 29. Rc1 Nc5 30. h4 b6 31. Ra1 Qb5 32. Bc1 Ra8 33. Kh2 Qf1 34.
Bb2 Qd3 35. Qxd3 Nxd3 36. Bc1 Nc5 37. Be3 Kf8 38. Kg1 Ke7 39. Kf1 Kd7 40. Bxc5
bxc5 41. Ke2 g6 42. Kd3 Kc7 43. Kc2 f5 44. exf5 gxf5 45. g4 fxg4 46. fxg4 Kd7
47. g5 hxg5 48. hxg5 Ke7 49. Rh1 Rxa2+ 50. Kd3 Kf7 51. Rh6 Rg2 52. Rxd6 Rxg5
53. Rc6 Rg6 54. Ke4 Rxc6 55. dxc6 Ke7  1/2-1/2

[Event "Brno Open 2021 - A IM Round Robin"]
[Site "Bobycentrum hotel, Brno"]
[Date "2021.11.23"]
[Round "3"]
[Board "4"]
[White "OCHEDZAN, Tymon"]
[Black "KUSA, Jakub"]
[Result "1-0"]
[WhiteElo "2349"]
[BlackElo "2326"]
[PlyCount "83"]
[EventDate "2021.11.21"]
[EventRounds "9"]
[EventCountry "CZE"]

1. e4 e5 2. Nf3 Nc6 3. Bb5 a6 4. Ba4 Nf6 5. O-O Nxe4 6. Re1 Nc5 7. Bxc6 dxc6 8.
Nxe5 Be7 9. d4 Ne6 10. Be3 O-O 11. c4 f6 12. Nf3 f5 13. Bd2 Bf6 14. Bc3 Ng5 15.
Nxg5 Bxg5 16. Nd2 Re8 17. Rxe8+ Qxe8 18. Nf3 Bf6 19. Qb3 b5 20. d5 Bxc3 21.
Qxc3 Bb7 22. Re1 Qf8 23. dxc6 Bxc6 24. Nd4 Be8 25. cxb5 axb5 26. Ne6 Qf7 27.
Qxc7 Rxa2 28. Ng5 Qf8 29. Qe5 Bf7 30. Qxf5 g6 31. Qxb5 Ra7 32. h3 Re7 33. Rxe7
Qxe7 34. Nxf7 Kxf7 35. Qd5+ Kg7 36. Qd4+ Kg8 37. b4 Qe1+ 38. Kh2 Qf1 39. Qe5 h5
40. b5 h4 41. b6 Qb1 42. Qc7  1-0

[Event "Brno Open 2021 - A IM Round Robin"]
[Site "Bobycentrum hotel, Brno"]
[Date "2021.11.23"]
[Round "3"]
[Board "5"]
[White "DEL REY, Diego"]
[Black "FINEK, Vaclav"]
[Result "1/2-1/2"]
[WhiteElo "2360"]
[BlackElo "2413"]
[PlyCount "45"]
[EventDate "2021.11.21"]
[EventRounds "9"]
[EventCountry "CZE"]

1. d4 Nf6 2. Nf3 g6 3. Bg5 Bg7 4. Nbd2 d5 5. e3 O-O 6. Be2 c5 7. c3 Qb6 8. Qb3
Nc6 9. O-O Rd8 10. Qb5 cxd4 11. Qxb6 axb6 12. exd4 Bg4 13. Rfe1 Bxf3 14. Bxf3
e6 15. Be2 Rdc8 16. Bb5 Ne8 17. Bf4 Bf8 18. Nf3 Nd6 19. Bd3 Be7 20. Re2 Na5 21.
Bxd6 Bxd6 22. Rae1 Nc6 23. a3  1/2-1/2

[Event "Brno Open 2021 - A IM Round Robin"]
[Site "Bobycentrum hotel, Brno"]
[Date "2021.11.23"]
[Round "4"]
[Board "1"]
[White "FIEDOREK, Michal"]
[Black "FINEK, Vaclav"]
[Result "1/2-1/2"]
[WhiteElo "2336"]
[BlackElo "2413"]
[PlyCount "51"]
[EventDate "2021.11.21"]
[EventRounds "9"]
[EventCountry "CZE"]

1. e4 c5 2. Nf3 e6 3. d4 cxd4 4. Nxd4 Nc6 5. Nc3 Qc7 6. Be3 a6 7. Qf3 Nf6 8.
Nxc6 bxc6 9. Qg3 Qxg3 10. hxg3 Rb8 11. b3 Bb4 12. Bd2 d5 13. exd5 cxd5 14. f3
Bb7 15. O-O-O Ke7 16. g4 h6 17. Ne2 Bxd2+ 18. Rxd2 Rhc8 19. Kb2 Bc6 20. Nd4 Bb5
21. Bxb5 axb5 22. Ra1 Ne8 23. Re2 Kf6 24. a4 bxa4 25. Rxa4 Ra8 26. Rxa8  1/2-1/2

[Event "Brno Open 2021 - A IM Round Robin"]
[Site "Bobycentrum hotel, Brno"]
[Date "2021.11.23"]
[Round "4"]
[Board "2"]
[White "KUSA, Jakub"]
[Black "DEL REY, Diego"]
[Result "0-1"]
[WhiteElo "2326"]
[BlackElo "2360"]
[PlyCount "128"]
[EventDate "2021.11.21"]
[EventRounds "9"]
[EventCountry "CZE"]

1. d4 d5 2. Nf3 Nf6 3. c4 dxc4 4. e3 Bg4 5. Bxc4 e6 6. Nc3 a6 7. h3 Bh5 8. O-O
Nc6 9. Be2 Bd6 10. b3 O-O 11. Bb2 Qe7 12. Rc1 Rad8 13. Nd2 Bxe2 14. Qxe2 Nd5
15. Nce4 f5 16. Nc5 Bxc5 17. Rxc5 Nb8 18. Ba3 Qf6 19. Rfc1 Rf7 20. Nf3 Nd7 21.
Rxc7 Nxc7 22. Rxc7 Nb8 23. Rc5 Nc6 24. Qc4 h6 25. Ne5 b5 26. Qc3 Nxe5 27. Rxe5
f4 28. Bc1 f3 29. g3 Rfd7 30. Qc6 Rd6 31. Qe4 Kf7 32. Qc2 Rd5 33. Re4 Kg8 34.
Rf4 Rf5 35. Re4 Rfd5 36. Rf4 Rf5 37. Re4 Qg6 38. Rg4 Qe8 39. Ba3 h5 40. Re4 Rc8
41. Bc5 Qg6 42. Rf4 Kh7 43. Qc1 Rxf4 44. exf4 Qd3 45. h4 Kg6 46. Qe1 Qe2 47.
Qb1+ Kf6 48. a3 Rd8 49. b4 Rd5 50. Qc1 Kf5 51. Qb1+ Kg4 52. Qc1 Rf5 53. Qb1 Qd2
54. Qf1 Qe2 55. Qb1 Rd5 56. Qc1 Kh3 57. Qb1 Rf5 58. Qc1 Qd3 59. Qe1 Rxf4 60.
Qxe6+ Rg4 61. Qe1 Re4 62. Qf1+ Qxf1+ 63. Kxf1 Re2 64. d5 Rd2  0-1

[Event "Brno Open 2021 - A IM Round Robin"]
[Site "Bobycentrum hotel, Brno"]
[Date "2021.11.23"]
[Round "4"]
[Board "3"]
[White "BUBALOVIC, Davorin"]
[Black "OCHEDZAN, Tymon"]
[Result "1/2-1/2"]
[WhiteElo "2230"]
[BlackElo "2349"]
[PlyCount "100"]
[EventDate "2021.11.21"]
[EventRounds "9"]
[EventCountry "CZE"]

1. e4 c6 2. d4 d5 3. Nc3 dxe4 4. Nxe4 Bf5 5. Ng3 Bg6 6. Nf3 e6 7. h4 h6 8. h5
Bh7 9. Bd3 Bxd3 10. Qxd3 Nf6 11. Bd2 c5 12. Bc3 Nc6 13. O-O-O Qd5 14. Kb1 c4
15. Qe2 b5 16. b3 cxb3 17. cxb3 Be7 18. Ne5 O-O 19. Nxc6 Qxc6 20. Bb2 a5 21.
Nf5 exf5 22. Qxe7 Nd5 23. Qe5 a4 24. Rc1 Qd7 25. Rc5 Rfd8 26. Qg3 Qe6 27. Rd1
axb3 28. Qxb3 b4 29. Rdc1 f4 30. Ka1 Ra6 31. Qc4 Raa8 32. g3 f3 33. g4 Qe4 34.
Qb3 Kh7 35. Qc2 Qxc2 36. R1xc2 b3 37. Rc1 Nb4 38. Rd1 Ra7 39. Kb1 Nc2 40. d5
Raa8 41. Rd3 Nb4 42. Rxf3 Rxd5 43. Rxd5 Nxd5 44. Rxb3 Ra4 45. f3 Rb4 46. Rxb4
Nxb4 47. Bc3 Nd5 48. Bd4 Nf4 49. Kc2 Ne6 50. Kd3 Kg8  1/2-1/2

[Event "Brno Open 2021 - A IM Round Robin"]
[Site "Bobycentrum hotel, Brno"]
[Date "2021.11.23"]
[Round "4"]
[Board "4"]
[White "PISK, Petr"]
[Black "BARTOS, Jan"]
[Result "1/2-1/2"]
[WhiteElo "2325"]
[BlackElo "2156"]
[PlyCount "119"]
[EventDate "2021.11.21"]
[EventRounds "9"]
[EventCountry "CZE"]

1. d4 d5 2. Nf3 Nf6 3. g3 c5 4. Bg2 cxd4 5. O-O h6 6. Nxd4 e5 7. Nb3 Be6 8. c4
Nc6 9. cxd5 Nxd5 10. Bd2 Be7 11. Nc3 O-O 12. Rc1 Nxc3 13. Bxc3 Bg5 14. Qxd8
Rfxd8 15. f4 exf4 16. gxf4 Be7 17. Be4 Bxb3 18. axb3 Bc5+ 19. Kg2 Be3 20. Rcd1
Rxd1 21. Rxd1 Bxf4 22. Rd7 Re8 23. Bd5 Nd8 24. h4 Be3 25. Kf3 b5 26. b4 h5 27.
Be4 Bb6 28. Rd5 Ne6 29. Rxh5 Nd4+ 30. Bxd4 Bxd4 31. Rxb5 g6 32. Rb7 Re5 33. Rd7
Bb6 34. Bd5 Rf5+ 35. Kg4 Kf8 36. e4 Rf2 37. b3 Be3 38. Kg3 Rf6 39. b5 Bb6 40.
Rb7 Be3 41. Rb8+ Ke7 42. Rb7+ Kf8 43. Bc4 Bd4 44. Rd7 Bb6 45. Kg4 Be3 46. Rd3
Bb6 47. Rd7 Be3 48. Rb7 Rf4+ 49. Kg3 Rf6 50. Bd5 Bd4 51. Kg4 Be3 52. e5 Rf4+
53. Kg3 Rf5 54. Bc4 Bd4 55. e6 fxe6 56. Bxe6 Re5 57. Bf7 Re7 58. Rxe7 Kxe7 59.
Bxg6 Kf6 60. h5  1/2-1/2

[Event "Brno Open 2021 - A IM Round Robin"]
[Site "Bobycentrum hotel, Brno"]
[Date "2021.11.23"]
[Round "4"]
[Board "5"]
[White "NOVOSADOVA, Kristyna"]
[Black "SABUK, Piotr"]
[Result "0-1"]
[WhiteElo "2150"]
[BlackElo "2398"]
[PlyCount "34"]
[EventDate "2021.11.21"]
[EventRounds "9"]
[EventCountry "CZE"]

1. e4 c6 2. d4 d5 3. Nc3 dxe4 4. Nxe4 Nf6 5. Nxf6+ exf6 6. Nf3 Bg4 7. Be2 Bd6
8. Be3 O-O 9. Nh4 Bxe2 10. Qxe2 f5 11. Qh5 g6 12. Qh6 Re8 13. g4 Bf8 14. Qf4
Qxh4 15. O-O-O Qxg4 16. Qc7 Na6 17. Qa5 Nb4  0-1

[Event "Brno Open 2021 - A IM Round Robin"]
[Site "Bobycentrum hotel, Brno"]
[Date "2021.11.24"]
[Round "5"]
[Board "2"]
[White "BARTOS, Jan"]
[Black "NOVOSADOVA, Kristyna"]
[Result "1/2-1/2"]
[WhiteElo "2156"]
[BlackElo "2150"]
[PlyCount "45"]
[EventDate "2021.11.21"]
[EventRounds "9"]
[EventCountry "CZE"]

1. d4 Nf6 2. Nf3 g6 3. c4 Bg7 4. g3 O-O 5. Bg2 d5 6. cxd5 Nxd5 7. O-O Nc6 8.
Nc3 Nb6 9. e3 Bd7 10. b3 e5 11. dxe5 Nxe5 12. Nxe5 Bxe5 13. Bb2 c6 14. Qe2 Re8
15. Rad1 f5 16. Rd2 Qe7 17. Rfd1 Be6 18. Rd3 Rad8 19. Qd2 Rxd3 20. Qxd3 Bf6 21.
Qc2 Rd8 22. Rxd8+ Qxd8 23. Nd1  1/2-1/2

[Event "Brno Open 2021 - A IM Round Robin"]
[Site "Bobycentrum hotel, Brno"]
[Date "2021.11.24"]
[Round "5"]
[Board "3"]
[White "OCHEDZAN, Tymon"]
[Black "PISK, Petr"]
[Result "1/2-1/2"]
[WhiteElo "2349"]
[BlackElo "2325"]
[PlyCount "111"]
[EventDate "2021.11.21"]
[EventRounds "9"]
[EventCountry "CZE"]

1. e4 c5 2. Nf3 Nc6 3. d4 cxd4 4. Nxd4 e5 5. Nb5 a6 6. Nd6+ Bxd6 7. Qxd6 Qe7 8.
Qd2 Nf6 9. f3 d6 10. c4 O-O 11. Nc3 Nd4 12. Bd3 b5 13. cxb5 axb5 14. Qd1 Be6
15. Be3 b4 16. Bxd4 exd4 17. Ne2 Bxa2 18. O-O d5 19. e5 Qxe5 20. b3 Qe3+ 21.
Kh1 Nd7 22. Nxd4 Nc5 23. Bc2 g6 24. Re1 Qc3 25. Rc1 Rfe8 26. Be4 Nd3 27. Rxc3
Nf2+ 28. Kg1 Nxd1 29. Rc1 Nc3 30. Bc2 Rxe1+ 31. Rxe1 Rc8 32. Bd3 Kf8 33. Kf2
Rc7 34. Ra1 Rc8 35. Ke3 Rc7 36. Kd2 Rc8 37. Bc2 Rc7 38. f4 Rc8 39. g3 Rc7 40.
f5 Kg7 41. Rf1 Ne4+ 42. Ke2 Rxc2+ 43. Nxc2 Bxb3 44. Rc1 Bc4+ 45. Ke3 b3 46. Na3
gxf5 47. Kd4 Nd2 48. Kc3 Nf3 49. h4 Kg6 50. Nxc4 dxc4 51. Rf1 Ne5 52. Kd4 f6
53. Kc3 Ng4 54. Kd4 Ne5 55. Kc3 Ng4 56. Kd4  1/2-1/2

[Event "Brno Open 2021 - A IM Round Robin"]
[Site "Bobycentrum hotel, Brno"]
[Date "2021.11.24"]
[Round "5"]
[Board "5"]
[White "FINEK, Vaclav"]
[Black "KUSA, Jakub"]
[Result "1-0"]
[WhiteElo "2413"]
[BlackElo "2326"]
[PlyCount "37"]
[EventDate "2021.11.21"]
[EventRounds "9"]
[EventCountry "CZE"]

1. d4 Nf6 2. c4 e6 3. Nf3 d5 4. g3 Be7 5. Bg2 O-O 6. O-O dxc4 7. Qa4 Qd5 8. Nc3
Qc6 9. Qc2 Nbd7 10. a4 Nd5 11. Bg5 Bxg5 12. Nxg5 N7f6 13. Nce4 Nxe4 14. Nxe4 a6
15. Rfc1 f5 16. Ng5 b5 17. e4 fxe4 18. Bxe4 h6 19. Bxd5  1-0

[Event "Brno Open 2021 - A IM Round Robin"]
[Site "Bobycentrum hotel, Brno"]
[Date "2021.11.25"]
[Round "6"]
[Board "1"]
[White "FIEDOREK, Michal"]
[Black "KUSA, Jakub"]
[Result "1-0"]
[WhiteElo "2336"]
[BlackElo "2326"]
[PlyCount "105"]
[EventDate "2021.11.21"]
[EventRounds "9"]
[EventCountry "CZE"]

1. e4 c6 2. d4 d5 3. exd5 cxd5 4. Nf3 Nc6 5. Bb5 Bg4 6. h3 Bxf3 7. Qxf3 Nf6 8.
c3 e6 9. O-O Bd6 10. Re1 O-O 11. Bg5 a6 12. Ba4 Rc8 13. Nd2 b5 14. Bb3 h6 15.
Bh4 Be7 16. Qd3 Nh5 17. Bc2 g6 18. Bxe7 Qxe7 19. Nb3 Nd8 20. Nc5 Rc6 21. a4 Nb7
22. b4 Nd6 23. axb5 axb5 24. Nxe6 fxe6 25. Qxg6+ Ng7 26. Qh7+ Kf7 27. Bg6+ Kf6
28. Qxh6 Rh8 29. Qxh8 Kxg6 30. Re3 Ndf5 31. Rf3 Qe8 32. Ra8 Qxh8 33. Rxh8 Nd6
34. Rg3+ Kf7 35. Rb8 Ngf5 36. Rf3 Kg7 37. g4 Nh4 38. Re3 Ra6 39. Rxe6 Ra1+ 40.
Kh2 Ne4 41. Rb7+ Kf8 42. Rh6 Nf3+ 43. Kg2 Ne1+ 44. Kf1 Kg8 45. Rc6 Nf3+ 46. Ke2
Ng1+ 47. Ke3 Ra8 48. f3 Ng3 49. Kf2 N3e2 50. Rcb6 Ra2 51. Rc7 Ra8 52. Re7 Rf8
53. Rxe2  1-0

[Event "Brno Open 2021 - A IM Round Robin"]
[Site "Bobycentrum hotel, Brno"]
[Date "2021.11.25"]
[Round "6"]
[Board "2"]
[White "BUBALOVIC, Davorin"]
[Black "FINEK, Vaclav"]
[Result "1/2-1/2"]
[WhiteElo "2230"]
[BlackElo "2413"]
[PlyCount "43"]
[EventDate "2021.11.21"]
[EventRounds "9"]
[EventCountry "CZE"]

1. e4 c5 2. Nf3 e6 3. d4 cxd4 4. Nxd4 Nc6 5. Nc3 Qc7 6. Be2 a6 7. O-O Nf6 8.
Be3 Bb4 9. Nxc6 bxc6 10. Na4 Be7 11. Nb6 Rb8 12. Nxc8 Qxc8 13. Bd4 c5 14. Be5
Rb6 15. Qd3 d6 16. Bc3 O-O 17. Rad1 d5 18. exd5 Nxd5 19. b3 c4 20. bxc4 Nxc3
21. Qxc3 Qc5 22. Rb1  1/2-1/2

[Event "Brno Open 2021 - A IM Round Robin"]
[Site "Bobycentrum hotel, Brno"]
[Date "2021.11.25"]
[Round "6"]
[Board "4"]
[White "NOVOSADOVA, Kristyna"]
[Black "OCHEDZAN, Tymon"]
[Result "0-1"]
[WhiteElo "2150"]
[BlackElo "2349"]
[PlyCount "88"]
[EventDate "2021.11.21"]
[EventRounds "9"]
[EventCountry "CZE"]

1. Nf3 Nf6 2. c4 g6 3. d4 Bg7 4. Nc3 O-O 5. e4 d6 6. h3 Na6 7. Bg5 h6 8. Be3 e5
9. d5 Nc5 10. Nd2 a5 11. g4 Ne8 12. Rg1 c6 13. Nb3 cxd5 14. cxd5 b6 15. a4 Nc7
16. Ra3 N7a6 17. Nd2 Nb4 18. Nc4 Ba6 19. Bxc5 dxc5 20. Ne3 Bb7 21. Bc4 Bf6 22.
Nb5 Bg5 23. Qe2 Bxe3 24. Rxe3 Qd7 25. h4 Ba6 26. g5 h5 27. Rf3 Bxb5 28. Bxb5
Qc7 29. Rf6 Rad8 30. Rg3 Rd6 31. Rgf3 Rxf6 32. gxf6 Qd6 33. Qd2 Kh7 34. Kd1 Rd8
35. Qg5 c4 36. Bxc4 Nc6 37. Be2 Qb4 38. Rd3 Qxe4 39. f3 Qxa4+ 40. Ke1 Nb4 41.
Rc3 Nxd5 42. Qxe5 Nxc3 43. bxc3 Re8 44. Qh2 Qc2  0-1